| 000 | 00921nas a2200289 4500 | ||
|---|---|---|---|
| 001 | BR2012005814 | ||
| 003 | BR-BrBNA | ||
| 005 | 20231205121037.0 | ||
| 007 | ta | ||
| 008 | 230509b bl.|||p| |||| 00| 00por d | ||
| 040 |
_aBR-BrBNA _bpor _cBiblioteca Nacional de Agricultura |
||
| 041 | _a(Pt) | ||
| 072 | _aF06; F04 | ||
| 100 | 1 | _aSilva, M.R.R. da | |
| 100 | 1 | _aVanzela, L.S. | |
| 100 | 1 | _aVazquez, G.H. | |
| 100 | 1 | _aSanches, A.C. | |
| 111 | 1 |
_a4º WINOTEC _cFortaleza, CE (Brazil) _d28-31 May 2012 |
|
| 245 | 1 | _aInfluência da irrigação e cobertura morta do solo sobre as características agronômicas e produtividade do milho | |
| 650 | _aZEA MAYS | ||
| 650 | _aIRRIGAÇÃO POR ASPERSÃO | ||
| 650 | _aMANEJO DE ÁGUA | ||
| 650 | _aPALHADA | ||
| 773 | 0 |
_tIrriga (Brazil) _xISSN 1808-3765 _g(2012), nº. 1 p. 170-180 _wBR2012005814 |
|
| 909 |
_a202311 _bLúcia _c55 _dLúcia Elande |
||
| 942 |
_2AGRIS _n0 _cANA |
||
| 999 |
_c221574 _d221574 |
||